书目信息 |
| 题名: |
《国家体育锤炼标准》手册
|
|
| 作者: | ;国家体委群体司 著 | |
| 分册: | ||
| 出版信息: | 北京 人民体育出版社 1982.09 |
|
| 页数: | 270页 | |
| 开本: | 19cm | |
| 丛书名: | ||
| 单 册: | ||
| 中图分类: | G812.3 | |
| 科图分类: | ||
| 主题词: | 体育事业--世界 | |
| 电子资源: | ||
| ISBN: | ||
| 000 | 00608nam0 2200205 45 | |
| 001 | 0409090907 | |
| 005 | 20040909093836.3 | |
| 010 | @dCNY0.89 | |
| 091 | @a7015.2092 | |
| 100 | @a20040909d1982 km y0chiy0120 ea | |
| 101 | 0 | @achi |
| 105 | @a z 000yy | |
| 200 | 1 | @a《国家体育锤炼标准》手册@A《Guo Jia Ti Yu Chui Lian Biao Zhun》Shou Ce@f国家体委群体司著@FGuo Jia Ti Wei Qun Ti Si Zhu |
| 210 | @a北京@c人民体育出版社@d1982.09 | |
| 215 | @a270页@d19cm | |
| 606 | 0 | @a体育事业@x世界 |
| 690 | @aG812.3@v3 | |
| 711 | 02 | @a国家体委群体司@4著 |
| 801 | @aCN@bPftUser@c20040909 | |
| 905 | @f1@b104186@dG812.3@e10 | |
| 《国家体育锤炼标准》手册/国家体委群体司著.-北京:人民体育出版社,1982.09 |
| 270页;19cm |
| ISBN :CNY0.89 |
| ● |
| 相关链接 |
|
|
|
|
正题名:《国家体育锤炼标准》手册
索取号:G812.3/10
 
预约/预借
| 序号 | 登录号 | 条形码 | 馆藏地/架位号 | 状态 | 备注 |
| 1 | 0104186 | 001950847 | 密集书库/ [索取号:G812.3/10] | 在馆 |